000 00743nam a2200289Ia 4500
005 20260324122726.0
008 008 260324s9999 xx 000 0 eng d
020 _a9780203131497
037 _aEBOOK
040 _aCRL
040 _beng
040 _cCRL
041 _2eng
041 _aeng
084 _qCRL
100 _aJean-Marc F. Blanchard; Dennis V. Hickey
_91167567
245 0 _aNew Thinking about the Taiwan Issue
245 0 _bTheoretical insights into its origins, dynamics, and prospects
260 _bTaylor and Francis
260 _c2012
365 _a
365 _b240
856 _uhttp://www.taylorfrancis.com/books/9780203131497
942 _cEBOOK
999 _c1760530
_d1760530